000
00309nam a2200109Ia 4500
008
171211s9999 xx 000 0 und d
245
_a
Craniosynostosis
245
_c
Icon Health Publications
260
_c
2004
650
_x
Encyclopedia and Dictionary
856
_u
http://down.ebook777.com/041/0497003090.pdf
999
_c
350230
_d
350230